000 00327nam a2200133Ia 4500
008 200103s9999||||xx |||||||||||||| ||und||
040 _aIMU-MPC
082 _aColumn-31
100 _aHannah, J. and Hillier, M. J.
245 0 _aApplied Mechanics
260 _bPitman Publishing, London
_c1971
300 _aix, 445
942 _cBK
999 _c7458
_d7458